ARRUPE JESUIT UNIVERSITY

CORONAVIRUS -STOP THE SPREAD - CLEAN,DISINFECT,COVER

The adventures of the black girl in her search for God / (Record no. 120271)

MARC details
000 -LEADER
fixed length control field 00795mam a2200277 a 4500
001 - CONTROL NUMBER
control field 2178540
003 - CONTROL NUMBER IDENTIFIER
control field ARRUPE
005 - DATE AND TIME OF LATEST TRANSACTION
control field 20140326115303.0
008 - FIXED-LENGTH DATA ELEMENTS--GENERAL INFORMATION
fixed length control field 940401s1932 enka 000 1 eng d
010 ## - LIBRARY OF CONGRESS CONTROL NUMBER
LC control number 33001503
035 ## - SYSTEM CONTROL NUMBER
System control number (OCoLC)ocm30066293
035 ## - SYSTEM CONTROL NUMBER
System control number (NNC)2178540
040 ## - CATALOGING SOURCE
Original cataloging agency HVC
Transcribing agency HVC
Modifying agency COO
-- KSU
082 00 - DEWEY DECIMAL CLASSIFICATION NUMBER
Classification number 823.91
090 ## - LOCALLY ASSIGNED LC-TYPE CALL NUMBER (OCLC); LOCAL CALL NUMBER (OCLC)
Classification number (OCLC) (R) ; Classification number, CALL (RLIN) (NR) PR5365
Local cutter number (OCLC) ; Book number/undivided call number, CALL (RLIN) .A4 1932
300 ## - PHYSICAL DESCRIPTION
Other physical details ill. ;
Dimensions 21 cm.
100 1# - MAIN ENTRY--PERSONAL NAME
Personal name Shaw, Bernard,
Dates associated with a name 1856-1950.
9 (RLIN) 9406
245 14 - TITLE STATEMENT
Title The adventures of the black girl in her search for God /
Statement of responsibility, etc Bernard Shaw.
250 ## - EDITION STATEMENT
Edition statement 1st ed.
260 ## - PUBLICATION, DISTRIBUTION, ETC. (IMPRINT)
Place of publication, distribution, etc London :
Name of publisher, distributor, etc Constable,
Date of publication, distribution, etc 1932.
300 ## - PHYSICAL DESCRIPTION
Extent [75] p. :
500 ## - GENERAL NOTE
General note Designed and engraved by John Farleigh.
650 #0 - SUBJECT ADDED ENTRY--TOPICAL TERM
Topical term or geographic name as entry element Christianity.
9 (RLIN) 9407
942 ## - ADDED ENTRY ELEMENTS (KOHA)
Source of classification or shelving scheme Library of Congress Classification
Koha item type Monograph ( Printed materials)
948 2# - LOCAL PROCESSING INFORMATION (OCLC); SERIES PART DESIGNATOR (RLIN)
Series part designator, SPT (RLIN) 20050913
b (OCLC) a
c (OCLC) at2186
d (OCLC) OSMC
Holdings
Withdrawn status Lost status Source of classification or shelving scheme Damaged status Not for loan Collection code Home library Current library Shelving location Date acquired Total Checkouts Full call number Barcode Date last seen Price effective from Koha item type
    Library of Congress Classification     Main Collection ARRUPE LIBRARY ARRUPE LIBRARY Main Collection 26/03/2014   PR5365.A4 46500001909 26/03/2014 26/03/2014 Monograph ( Printed materials)

 

Arrupe Library. PO Box MP320 Mt Pleasant, Harare, Zimbabwe
263 242 745411|librarian@aju.ac.zw